Textures of the Ordinary: doing anthropology after wittgenstein/ (Record no. 178035)

MARC details
000 -LEADER
fixed length control field 00649nam a22001817a 4500
005 - DATE AND TIME OF LATEST TRANSACTION
control field 20210312154625.0
010 ## - LCCN (DPL NO)
LC control number ENG-129233
020 ## - INTERNATIONAL STANDARD BOOK NUMBER
International Standard Book Number 978-93-90122-67-7
Terms of availability 1350.00
035 ## - SYSTEM CONTROL NUMBER
System control number EN-112765
037 ## - SOURCE OF ACQUISITION
Source of stock number/acquisition DBAD/PUB
082 ## - DEWEY DECIMAL CLASSIFICATION NUMBER
Classification number 301.01
100 ## - MAIN ENTRY--PERSONAL NAME
Personal name Das, Veena
245 ## - TITLE STATEMENT
Title Textures of the Ordinary: doing anthropology after wittgenstein/
Statement of responsibility, etc Veena Das
260 ## - PUBLICATION, DISTRIBUTION, ETC. (IMPRINT)
Place of publication, distribution, etc Telangana
Name of publisher, distributor, etc Orient Blackswan Private Limited
Date of publication, distribution, etc 2020
270 ## - ADDRESS
City Telangana
Postal code 500029
Address 3-6-752, Himayatnagar, Hyderabad
Electronic mail address info@orientblackswan.com
300 ## - PHYSICAL DESCRIPTION
Extent 410p.
Dimensions 24cm(hbk)
Other physical details including bibliographical references and index.
942 ## - ADDED ENTRY ELEMENTS (KOHA)
Source of classification or shelving scheme Dewey Decimal Classification
Item type English Books
Classification part 301.01
Call number suffix DAS
Holdings
Withdrawn status Lost status Not for loan Collection code Home library Current library Date acquired Source of acquisition Cost, normal purchase price Full call number Barcode Copy number Cost, replacement price Koha item type
      Non-fiction Ashok Vihar Ashok Vihar 12/03/2021 DBAD/PUB 1350.00 301.01 DAS EN-112765 1 1350.00 English Books

© Delhi Public Library
Hit Counter
free hit counter